| 000 | 00928nam a2200289 a 4500 | ||
|---|---|---|---|
| 001 | C01457936c-2 | ||
| 003 | CO-ViMGA | ||
| 005 | 20230915234237.0 | ||
| 008 | 141021s2013 sp gr 0001fdspa d | ||
| 020 | _z9788492723782 | ||
| 040 |
_aCO-ViMGA _bspa _cCO-ViMGA |
||
| 041 | 1 | _heng | |
| 082 | 0 | 4 |
_a823.91 _bM47b5 _221 |
| 100 | 1 |
_aMitchell, David, _d1969- _96236 |
|
| 245 | 1 | 3 |
_aEl bosque del cisne negro / _cDavid Mitchell ; traducción de Víctor V. Úbeda. |
| 260 |
_aBarcelona : _bDuomo Ediciones, _c2013. |
||
| 300 |
_a401 páginas ; _c22 cm. |
||
| 490 | 1 | _aDuomo. Nefelibata | |
| 490 | 1 | _aNovela | |
| 534 |
_pTítulo original : _tBlack swan green. |
||
| 650 | 1 | 4 |
_aVillas y aldeas _v Novela. _96238 |
| 650 | 1 | 4 |
_aAdolescentes _v Novela. _96237 |
| 650 | 1 | 4 |
_aNovela inglesa. _91291 |
| 651 | 4 |
_aInglaterra _x Descripción _v Novela. _96239 |
|
| 700 | 1 |
_aÚbeda, Víctor V., _etraductor. _96240 |
|
| 942 |
_2ddc _cBK |
||
| 999 |
_c37477 _d37477 |
||